<?xml version="1.0" encoding="UTF-8"?>
<collection xmlns="http://www.loc.gov/MARC21/slim">
 <record>
  <leader>01081pamaa2200241   4500</leader>
  <controlfield tag="001">0000049186</controlfield>
  <controlfield tag="005">20130314090000.0</controlfield>
  <controlfield tag="008">110621                             eng  </controlfield>
  <datafield tag="020" ind1="0" ind2="0">
   <subfield code="a">9781405873505 (pbk.) </subfield>
  </datafield>
  <datafield tag="090" ind1="0" ind2="0">
   <subfield code="a">KD3930 </subfield>
   <subfield code="b">BRA 2011</subfield>
  </datafield>
  <datafield tag="100" ind1="0" ind2="0">
   <subfield code="a">Bradley </subfield>
  </datafield>
  <datafield tag="240" ind1="0" ind2="0">
   <subfield code="a">Constitutional &amp; administrative law</subfield>
  </datafield>
  <datafield tag="245" ind1="1" ind2="0">
   <subfield code="a">Constitutional and administrative law  </subfield>
   <subfield code="c">A.W. Bradley and K.D. Ewing.</subfield>
  </datafield>
  <datafield tag="250" ind1="0" ind2="0">
   <subfield code="a">15th ed.</subfield>
  </datafield>
  <datafield tag="260" ind1="0" ind2="0">
   <subfield code="a">Harlow, England: </subfield>
   <subfield code="b">Education Limited/Longman, </subfield>
   <subfield code="c">2011.</subfield>
  </datafield>
  <datafield tag="300" ind1=" " ind2=" ">
   <subfield code="a">lxxv, 804p.; </subfield>
   <subfield code="c">25cm.</subfield>
  </datafield>
  <datafield tag="500" ind1="0" ind2="0">
   <subfield code="a">1st ed. 1931 to 4th ed. 1950 by ECS Wade and GG Phillips, 5th ed. 1955 to 6th ed. 1960 by ECS Wade, 7th ed. 1965 to 8th ed. 1970 by ECS Wade and AW Bradley, 9th ed. 1977 to 10th ed. 1985 by AW Bradley, 11th ed. 1993 to 12th ed. 1997 by AW Bradley and KD Ewing, 13th ed. 2003 to 14th ed. 2007 by AW Bradley and KD Ewing</subfield>
  </datafield>
  <datafield tag="501" ind1="0" ind2="0">
   <subfield code="a">DLLUK</subfield>
  </datafield>
  <datafield tag="504" ind1="0" ind2="0">
   <subfield code="a">Includes bibliography and index</subfield>
  </datafield>
  <datafield tag="650" ind1="0" ind2="0">
   <subfield code="a">Constitutional law -- </subfield>
   <subfield code="z">Great Britain </subfield>
  </datafield>
  <datafield tag="650" ind1="0" ind2="0">
   <subfield code="a">Administrative law -- </subfield>
   <subfield code="z">Great Britain </subfield>
  </datafield>
  <datafield tag="700" ind1="0" ind2="1">
   <subfield code="a">Ewing, </subfield>
   <subfield code="h">K.D. </subfield>
  </datafield>
  <datafield tag="901" ind1=" " ind2=" ">
   <subfield code="u">www.pearson-book.com</subfield>
  </datafield>
 </record>
</collection>
